<?xml version="1.0" encoding="UTF-8"?>
<collection xmlns="http://www.loc.gov/MARC21/slim">
  <record>
    <leader>00000nam  2200000   4500</leader>
    <controlfield tag="001">INLIS000000000020465</controlfield>
    <controlfield tag="005">20250630021509</controlfield>
    <datafield tag="035" ind1="#" ind2="#">
      <subfield code="a">0010-0625000207</subfield>
    </datafield>
    <controlfield tag="007">ta</controlfield>
    <controlfield tag="008">250630################|##########|#|##</controlfield>
    <datafield tag="084" ind1="#" ind2="#">
      <subfield code="a">R 145 PKN II 2023</subfield>
    </datafield>
    <datafield tag="100" ind1=" " ind2="#">
      <subfield code="a">Mustari Affandi</subfield>
    </datafield>
    <datafield tag="245" ind1="1" ind2="#">
      <subfield code="a">Sistem Informasi Penanggulangan Kebakaran dan Penyelamatan Daerah Kota Jambi (Simerah Koja) /</subfield>
      <subfield code="c">Mustari Affandi</subfield>
    </datafield>
    <datafield tag="260" ind1="#" ind2="#">
      <subfield code="a">Jakarta :</subfield>
      <subfield code="b">Pusbangkom Pimnas dan Manajerial ASN,</subfield>
      <subfield code="c">2023</subfield>
    </datafield>
    <datafield tag="300" ind1="#" ind2="#">
      <subfield code="a">53 hlm. ;</subfield>
      <subfield code="c">30 cm</subfield>
    </datafield>
    <datafield tag="650" ind1="#" ind2="4">
      <subfield code="a">Sistem Informasi</subfield>
    </datafield>
    <datafield tag="650" ind1="#" ind2="4">
      <subfield code="a">Penanggulangan Kebakaran</subfield>
    </datafield>
    <datafield tag="520" ind1="#" ind2="#">
      <subfield code="a">Dalam rangka mewujudkan arahan Presiden Republik Indonesia tentang Percepatan Prioritas Aktual Presiden Ke 3 bahwa perlu dilakukan Digitalisasi pada Pemerintahan Daerah dan akselerasi Sistem Pemerintah Berbasis Elektronik (SPBE) sesuai Peraturan Presiden Nomor 132 tahun 2022 tentang Arsitektur SPBE Nasional. Permendagri 114 Tahun 2018 tentang Standar teknis pelayanan dasar pada Standar Pelayanan Minimal Sub urusan Kebakaran Daerah Kabupaten/Kota. Peraturan Menteri PUPR Nomor 25 Tahun 2008 tentang Persyaratan Teknis Sistem Proteksi Kebakaran Pada Bangunan Gedung dan Lingkungan.</subfield>
    </datafield>
    <datafield tag="990" ind1="#" ind2="#">
      <subfield code="a">2407145</subfield>
    </datafield>
  </record>
</collection>
